Schutzzoll und Kartelle

Salvato in:
Dettagli Bibliografici
Natura: Libro
Lingua:tedesco
Pubblicazione: Jena G. Fischer 1903
Tags: Aggiungi Tag
Nessun Tag, puoi essere il primo ad aggiungerne!!

MARC

LEADER 00000nam a2200000 4500
001 0307500
005 20250306101741.1
041 0 |a ger 
044 |a DE 
245 1 0 |a Schutzzoll und Kartelle  |c Robert Liefmann 
264 1 |a Jena  |b G. Fischer  |c 1903